|
|
|
|
| LEADER |
00886nam a2200229 4500 |
| 001 |
c000134796 |
| 003 |
CARM |
| 005 |
00000000000000.0 |
| 008 |
690514s1969 nyua 00100 eng |
| 019 |
1 |
|
|a 30604
|5 LACONCORD2021
|
| 035 |
|
|
|a (OCoLC)4061
|5 LACONCORD2021
|
| 050 |
0 |
0 |
|a SD179
|b .R9
|
| 100 |
1 |
|
|a Ryle, George,
|d 1902-
|
| 245 |
1 |
0 |
|a Forest service;
|b the first forty-five years of the Forestry Commission of Great Britain.
|
| 260 |
|
|
|a New York,
|b A. M. Kelley
|c [1969]
|
| 300 |
|
|
|a 340 p.
|b illus. (part col.)
|c 23 cm.
|
| 610 |
1 |
0 |
|a Great Britain.
|b Forestry Commission.
|
| 650 |
|
0 |
|a Forests and forestry
|z Great Britain.
|
| 852 |
8 |
|
|b CARM
|h A2:AE32A0
|i B00670
|p 0033472
|f BK
|
| 082 |
0 |
4 |
|a 634.9/0942
|
| 999 |
f |
f |
|i c325ec52-122b-54ef-896f-ceb46e1ce817
|s 69759a7f-8444-56cc-8fa4-d96bff45866f
|
| 952 |
f |
f |
|p Can circulate
|a CAVAL
|b CAVAL
|c CAVAL
|d CARM 1 Store
|e B00670
|f A2:AE32A0
|h Other scheme
|i book
|m 0033472
|